Lexico historico de la edad media

Saved in:
Bibliographic Details
Main Author: Fedou, Rene (Author)
Format: Book
Language:Spanish
Published: Madrid Taurus 1982
Series:Textos auxiliares, 2
Subjects:
Tags: Add Tag
No Tags, Be the first to tag this record!

MARC

LEADER 00000nam a2200000 a 4500
001 UCX0851
003 CL-VaPUC
008 900326e19820000SP |||||||||||||||||spa|d
082 0 4 |a 940.03  |b FED  |2 21 
100 |a Fedou, Rene  |e author  |9 316228 
245 1 0 |a Lexico historico de la edad media 
300 |a 151 p 
942 |c BK 
945 |d 19900326 00:00:00  |a aalvarez 
260 |a Madrid  |b Taurus  |c 1982 
650 0 |a Edad media  |9 258041 
650 0 |a Glosarios  |9 261047 
650 0 |a Vocabularios  |9 316229 
583 |a last modification  |c 19900326 00:00:00  |k Rodrigo Vera 
490 0 |a Textos auxiliares, 2 
999 |c 222279  |d 222277 
952 |0 0  |1 0  |4 0  |6 940_030000000000000_FED_1982  |7 0  |8 A  |9 216746  |a BIBHIS  |b BIBHIS  |d 2019-11-15  |i 285581K  |o 940.03 FED 1982  |p 285581K  |r 2025-01-20  |w 2019-11-15  |y BK  |k HIS 
952 |0 0  |1 0  |4 0  |6 940_030000000000000_FED_1982  |7 0  |8 DER_HIS  |9 216747  |a BIBDER  |b BIBDER  |d 2019-11-15  |i 2970023  |o 940.03 FED 1982  |p 2970023  |r 2023-01-25  |w 2019-11-15  |x Ubicación 4to Piso  |y BK  |z Estos recursos deben solicitarse con anticipación  |k DER